UBT Library

Epidemiology of mongolism (Record no. 43336)

000 -LEADER
fixed length control field 00613cam a2200229 4500
001 - CONTROL NUMBER
control field 2266748
005 - DATE AND TIME OF LATEST TRANSACTION
control field 20180224023425.0
008 - FIXED-LENGTH DATA ELEMENTS--GENERAL INFORMATION
fixed length control field 691110s1969 mdua b 001 0 eng
010 ## - LIBRARY OF CONGRESS CONTROL NUMBER
LC control number 78082451
020 ## - INTERNATIONAL STANDARD BOOK NUMBER
International Standard Book Number 0801810515
040 ## - CATALOGING SOURCE
Original cataloging agency DLC
Transcribing agency DLC
Modifying agency DLC
041 ## - LANGUAGE CODE
Language code of text/sound track or separate title eng
080 ## - UNIVERSAL DECIMAL CLASSIFICATION NUMBER
Universal Decimal Classification number 616.858
082 00 - DEWEY DECIMAL CLASSIFICATION NUMBER
Classification number 616.858 LIL
100 1# - Rafti
Rafti 7
101 ## - Shkurtesa
Shkurtesa NEU
245 10 - TITLE STATEMENT
Title Epidemiology of mongolism
Statement of responsibility, etc [by] Abraham M. Lilienfeld with the assistance of Charlotte H. Benesch.
350 ## - PRICE (NR) (BK AM CF MU VM SE) [OBSOLETE]
Price 7.00
504 ## - BIBLIOGRAPHY, ETC. NOTE
Bibliography, etc Bibliography: p. 115-142.
906 ## - LOCAL DATA ELEMENT F, LDF (RLIN)
a 7
b cbc
c orignew
d u
e ncip
f 19
g y-gencatlg
942 ## - ADDED ENTRY ELEMENTS (KOHA)
Source of classification or shelving scheme
Item type Books
Holdings
Withdrawn status Lost status Source of classification or shelving scheme Damaged status Not for loan Collection code Permanent location Current location Shelving location Date acquired Total Checkouts Full call number Barcode Date last seen Price effective from Koha item type
          Koleksioni i përgjithshem UBT - Lipjan UBT - Lipjan Koleksioni i përgjithshem 02/24/2018   616.858 LIL 002-2999611 02/24/2018 02/24/2018 Books
UBT Library © 2015-2024. All rights reserved University Education for Business and Technology